Purushothamasmruthi/ (Record no. 180220)

000 -LEADER
fixed length control field 00401nam a22001457a 4500
020 ## - INTERNATIONAL STANDARD BOOK NUMBER
ISBN 9789386094209
082 ## - DEWEY DECIMAL CLASSIFICATION NUMBER
Classification number M803
Item number RAT/P
245 ## - TITLE STATEMENT
Title Purushothamasmruthi/
Statement of responsibility, etc by Ratheesh Narayanan (ed.)
260 ## - PUBLICATION, DISTRIBUTION, ETC. (IMPRINT)
Place of publication Kottayam:
Name of publisher Ettumanoorappan College & Prof. P Padmakumari,
Year of publication 2016.
300 ## - PHYSICAL DESCRIPTION
Number of Pages 136p.
650 ## - SUBJECT ADDED ENTRY--TOPICAL TERM
Topical Term Memoirs Malayalam
650 ## - SUBJECT ADDED ENTRY--TOPICAL TERM
Topical Term Literature Malayalam
650 ## - SUBJECT ADDED ENTRY--TOPICAL TERM
Topical Term Literature
942 ## - ADDED ENTRY ELEMENTS (KOHA)
Koha item type Book
Holdings
Withdrawn status Lost status Damaged status Not for loan Permanent Location Current Location Shelving location Date acquired Cost, normal purchase price Full call number Accession Number Price effective from Koha item type
        Sree Sankaracharya University of Sanskrit Sree Sankaracharya University of Sanskrit Stacks 08.09.2025 130.00 M803 RAT/P 107175 08.09.2025 Book